Statistics for Hunger games- finish the quotes

Click here to take the quiz!

General Stats

  • This quiz has been taken 212 times
  • The average score is 13 of 23

Answer Stats

Quote Answer % Correct
(Who said this) AlwaysPeeta
84%
I'm _____ anyway. (Cato)dead
84%
(Who said this) Real.Katniss
82%
Here's some advice, _____ alive. (Haymitch)stay
81%
May the odds be ____ in your favor. (Effie)ever
80%
I am more than just a _______ of their games (Peeta)piece
78%
Want a _____ ____? (Finnick)sugar cube
78%
Fire is ______, if we burn _____ burn with us (Katniss)catching you
71%
You never forget the _____of the person who was your ___ hope (Katniss)face last
66%
Because she ____ here with me. (Peeta)came
62%
Im going back to the _________ (Katniss)arena
59%
Come to _____ me off sweetheart? (Peeta)finish
55%
You could live a _______ times, and never _______ him. (Haymitch)thousand deserve
52%
It takes ten times as _____ to put yourself together, than it does to fall ______ (Finnick)long apart
52%
If you hear the _________ singing it, you'll know i'm ok (Rue)mockingjays
50%
Remember we're ____ in love, so its alright to ____ me anytime you feel like it. (Peeta)madly kiss
45%
________, the final defence in dying (Peeta)frosting
44%
Once your in the ______, you’ll never be the ____ again. (Haymitch)games same
41%
My nightmares are ______ about losing you. (Peeta)usually
41%
Nice _____, not yours (Haymitch)dress
38%
Every ________ begins with a _______ (President Snow)revolution spark
26%
I don't want to _______ (Peeta)forget
24%
______ weird. (Johana)loves
20%

Score Distribution

Percentile by Number Answered

Percent of People with Each Score

Your Score History

You have not taken this quiz